000 00623nam a2200217 a 4500
005 20240529063633.0
008 040120s2002 mx r 000 0 spa d
020 _a9681910346
035 _aUPN01000131431
049 _aI
050 4 _aPZ74.3
_bM3.3
100 1 _aMcKee, David,
_d1935-
_929650
245 1 0 _aElmer y Wilbur /
_cDavid McKee.
260 _aMéxico :
_bAltea,
_c2002.
300 _a26 p.
_bil. col.
440 0 _aHistorias para dormir
534 _pTraducción de:
_tElmer and Wilbur
650 4 _aElefantes
_vCuentos y leyendas
_99255
650 0 _aAnimales
_vCuentos y leyendas
_9234
905 _aInfantil
999 _c103586
_d103586